000 00551nam a2200169 a 4500
005 20221118063432.0
008 991125s1957 gua 000 0 spa u
035 _aUPN01000000197
049 _aLT
050 4 _aLB1573 M6.4
_bG3.2
100 1 _aGarcía Ruiz, Ramón,
_d1908-1995
_930394
245 1 0 _aABCD :
_blibro cuarto para la enseñanza de la lectura escritura /
_cRamón García Ruiz.
260 _aGuadalajara :
_bEl Estudiante,
_c1957.
300 _a189 p. :
_bil. col.
650 4 _aLectura
_xEstudio y enseñanza (Elemental)
_92805
905 _aLibro
999 _c197
_d197